| 000 | 03991nam a2200373 a 4500 | ||
|---|---|---|---|
| 003 | OSt | ||
| 005 | 20250703122139.0 | ||
| 007 | cr ||||||a|c|a | ||
| 008 | 240808s2023 mx a|||fom||| 001 0 s |d | ||
| 040 | _erda | ||
| 100 | 1 |
_aChávez Rodríguez, Lizbeth Anahí _9189388 |
|
| 245 | 1 | 0 |
_aEvaluación de un sistema multiespecie con base de maíz, dos leguminosas y una gramínea forrajera , en condiciones de riego en Tzucacab, Yucatán / _cpor Lizbeth Anahí Chávez Rodríguez y Oliver Jairo Juárez Beltrán; director de tesis Jorge Luis Castrellon Montelongo; secretario Mario Alberto Santiago Ortega; vocal Bartolo de Jesús Villar Hernández; suplente Joel Ventura Ríos; suplente Citlali Anais Castro Jaime. |
| 264 | 1 |
_aChapingo, México : _bEl autor, _c2023. |
|
| 300 |
_a1 recurso en línea (89 páginas): _bcuadros, figuras. |
||
| 336 |
_2rdacontent _atexto _btxt |
||
| 337 |
_2rdamedia _acomputadora _bc |
||
| 338 |
_2rdacarrier _arecurso en línea _bcr |
||
| 502 |
_bIAEZ _cZootecnía _d2023. _gLIC |
||
| 504 | _aIncluye referencias bibliográficas: páginas 70-85. | ||
| 520 | _aEl objetivo de este trabajo fue evaluar el rendimiento de forraje de asociaciones de dos leguminosas y una gramínea con un cultivo de maíz sembrado a diferentes distancias entre surcos en condiciones de riego en Tzucacab, Yucatán. Los tratamientos fueron: tratamiento 1: maíz (híbrido VS536) + clitoria var. Tehuana + pasto mavuno en V5; distancia entre surcos de 80 cm. Tratamiento 2: maíz (híbrido VS536) + pasto mavuno en V5 + canavalia en V5; distancia entre surcos de 80 cm. Tratamiento 3: maíz (híbrido VS536) + clitoria var. Tehuana + pasto mavuno en V5; distancia entre surcos de 60 cm. Tratamiento 4: maíz (híbrido VS536) + pasto mavuno en V5 + canavalia en V5; distancia entre surcos de 60 cm. Testigo: Solo maíz (híbrido VS536); distancia entre surcos de 80 cm. El muestreo se realizó cada quince días, evaluando altura, número de hojas y longitud de la guía en las leguminosas. Los datos se analizaron con el programa R con un modelo lineal tipo GAMLSS. La distancia entre surcos a 80 cm fue diferente (P<0.05) para la asociación de clitoria en la altura y longitud de guía. El número de hojas y altura en el cultivo de maíz mostró diferencia (P<0.05) entre tratamientos. El pasto mavuno mostró diferencia estadística (P<0.05) en la variable altura. La planta de canavalia no mostró diferencia (P>0.05) entre tratamientos para todas las variables evaluadas. El rendimiento de forraje fue mayor en los tratamientos cuya distancia entre surcos de maíz era de 60 cm debido a una mayor densidad de población, aunque el peso seco final de estas plantas fue menor comparado con las de 80 cm entre surcos. Se concluye que la distancia entre surcos de maíz de los tratamientos modificó la producción de materia seca de las especies vegetales asociadas durante su desarrollo y crecimiento. Continuar con el empleo de asociaciones entre gramíneas y leguminosas permitirá avanzar en el estudio con miras a la creación de una estrategia que permita el aprovechamiento y completo desarrollo de acuerdo con el potencial genético de los cultivos. | ||
| 650 | 4 |
_aForrajes _xRendimiento _942593 |
|
| 650 | 4 |
_aGramíneas forrajeras _9139552 |
|
| 650 | 4 |
_aLeguminosas forrajeras _965868 |
|
| 650 | 4 |
_aMateria seca _972933 |
|
| 650 | 4 |
_aCultivos asociados _xRendimiento _9185443 |
|
| 700 | 1 |
_aJuárez Beltrán, Oliver Jairo _9189389 |
|
| 700 | 0 |
_aCastrellón Montelongo, Jorge Luis _eDirector de tesis. _920309 |
|
| 700 | 1 |
_aSantiago Ortega, Mario Alberto _9102377 _eSecretario. |
|
| 700 | 1 |
_aVillar Hernández, Bartolo de Jesús _9119536 _eVocal. |
|
| 700 | 1 |
_aVentura Rios, Joel _9118748 _eSuplente. |
|
| 700 | 1 |
_aCastro Jaime, Citlali Anais _9188843 _eSuplente. |
|
| 856 |
_uhttp://10.13.5.2/tesis/tl/1510414-5_Y_1511258-6_CHAVEZ_RODRIGUEZ_LIZBETHANAHI_Y_JUAREZ_BELTRAN_OLIVERJAIRO.pdf _zDESCARGAR PDF |
||
| 942 |
_2Clasificación Universidad Autónoma Chapingo _cTD |
||
| 999 |
_c220066 _d220066 |
||